| 000 | 00687cab a2200205 4500 | ||
|---|---|---|---|
| 001 | WB2904-01 | ||
| 008 | 090401t1993 xxu||||| |||| 00| 0 eng d | ||
| 035 | _a(Sirsi) u38199 | ||
| 041 | _aeng | ||
| 245 | _aAlternative to arbitration | ||
| 260 | _c1993 | ||
| 350 | _a0 | ||
| 490 |
_aCSW - The Property Week _v48(4) 28 January 1993, 66(1) |
||
| 520 | _aDiscusses the role that chartered surveyors can play in alternative dispute resolution. | ||
| 650 | _aALTERNATIVE DISPUTE RESOLUTION | ||
| 650 | _aABOUT RICS-RICS MEMBERS | ||
| 690 | _aMANAGEMENT-DISPUTE AVOIDANCE, MANAGEMENT AND RESOLUTION-DISPUTE MANAGEMENT AND RESOLUTION-ARBITRATION | ||
| 942 | _n0 | ||
| 948 | _c04/03/1997 | ||
| 999 |
_c24543 _d24543 |
||